000 00433nam a2200181Ia 4500
001 17524
005 20260306171523.0
008 260306s9999||||xx |||||||||||||| ||und||
041 _aESP
082 _a658
_bV51
100 _aEducar Cultural Recreativa (Ed.)
_eAUT
245 0 _aClásicos Harvard de la administración
260 _c1990
300 _a
_c28 cm.
650 _aGEN
654 _aCAN
942 _cLIB
_dJUS
_fJUS
_2ddc
_n
999 _c17524
_d17524